[Event "POL-chT blind Gp B"]
[Site "Mielno"]
[Date "2013.12.12"]
[Round "8.1"]
[White "Salamon, Jan"]
[Black "Suder, Ryszard"]
[Result "0-1"]
[WhiteElo "1775"]
[BlackElo "2129"]
[PlyCount "60"]
[EventDate "2013.12.06"]
[EventType "team-tourn"]
[EventRounds "10"]
[EventCountry "POL"]
[SourceTitle "EXT 2019"]
[Source "ChessBase"]
[SourceDate "2018.10.10"]
[SourceVersion "1"]
[SourceVersionDate "2018.10.10"]
[SourceQuality "1"]

1. d4 Nf6 2. c4 g6 3. Nc3 d5 4. cxd5 Nxd5 5. Ne4 Bg7 6. e3 0-0 7. Be2 Nd7 8. Nf3 b6 9. 0-0 Bb7 10. Ned2 e6 11. Ne1 c5 12. Nc2 Qc7 13. Rb1 Rfd8 14. Qe1 Rac8 15. Nf3 a6 16. Bd2 N7f6 17. Rc1 Ne4 18. Na3 Qe7 19. Nb1 cxd4 20. Rxc8 Rxc8 21. Nxd4 Qd7 22. Bc1 Qa4 23. Bf3 Nc5 24. Bxd5 Bxd5 25. Nc3 Qd7 26. Nxd5 Qxd5 27. Qb4 b5 28. b3 Qe4 29. Qd2 Rd8 30. Ba3 Nb7 0-1

[Event "Rowy op 09"]
[Site "Rowy"]
[Date "2012.09.??"]
[Round "6"]
[White "Niecko, Stanislaw"]
[Black "Salamon, Jan"]
[Result "1/2-1/2"]
[WhiteElo "1828"]
[BlackElo "1802"]
[PlyCount "49"]
[EventDate "2012.09.??"]
[EventType "swiss"]
[EventRounds "9"]
[EventCountry "POL"]
[SourceTitle "EXT 2014"]
[Source "ChessBase"]
[SourceDate "2013.11.20"]
[SourceVersion "1"]
[SourceVersionDate "2013.11.20"]
[SourceQuality "1"]

1. c4 c5 2. Nf3 Nf6 3. d4 cxd4 4. Nxd4 Nc6 5. Nc3 a6 6. g3 g6 7. Bg2 Bg7 8. 0-0 0-0 9. Nc2 Ne5 10. b3 d6 11. Bb2 Rb8 12. Ne3 b5 13. c5 dxc5 14. Nxb5 Qxd1 15. Rfxd1 Neg4 16. Nxg4 Nxg4 17. Bxg7 Kxg7 18. Nc7 c4 19. bxc4 Rb2 20. Bf1 Ne5 21. c5 Bg4 22. Nxa6 Bxe2 23. Bxe2 Rxe2 24. Nb4 Rc8 25. Rac1 1/2-1/2

[Event "POL-chT blind Gp-B"]
[Site "Mielno"]
[Date "2011.03.28"]
[Round "3.3"]
[White "Salamon, Jan"]
[Black "Hornik, Bronislaw"]
[Result "0-1"]
[WhiteElo "1855"]
[BlackElo "1871"]
[PlyCount "76"]
[EventDate "2011.03.27"]
[EventType "team-tourn"]
[EventRounds "10"]
[EventCountry "POL"]
[SourceTitle "EXT 2019"]
[Source "ChessBase"]
[SourceDate "2018.10.10"]
[SourceVersion "1"]
[SourceVersionDate "2018.10.10"]
[SourceQuality "1"]

1. e4 d6 2. d4 Nf6 3. Nc3 g6 4. Nf3 Bg7 5. Be2 0-0 6. 0-0 Bg4 7. Be3 c6 8. Qd2 Qb6 9. Rab1 Nbd7 10. b4 Qc7 11. Rb3 Nb6 12. Bh6 Be6 13. Rbb1 Bc4 14. Bxg7 Kxg7 15. a4 Bxe2 16. Qxe2 a5 17. e5 Nfd5 18. Rb3 Nxc3 19. Rxc3 axb4 20. Rd3 Nd5 21. Qe4 Rxa4 22. e6 f5 23. Qh4 h6 24. Re1 Ra3 25. Rb3 Rxb3 26. cxb3 Rf6 27. Nd2 Qc8 28. Nc4 Rxe6 29. f3 b5 30. Nxd6 Rxe1+ 31. Qxe1 exd6 32. h4 Kf6 33. Qd2 Qe6 34. Qxh6 Qe3+ 35. Qxe3 Nxe3 36. Kf2 Nc2 37. d5 c5 38. Ke2 Nd4+ 0-1

[Event "Polanica Zdroj op-B 47th"]
[Site "Polanica Zdroj"]
[Date "2011.??.??"]
[Round "8"]
[White "Salamon, Jan"]
[Black "Lada, Ireneusz"]
[Result "1-0"]
[WhiteElo "1823"]
[BlackElo "2042"]
[PlyCount "31"]
[EventDate "2011.08.18"]
[EventType "swiss"]
[EventRounds "9"]
[EventCountry "POL"]
[SourceTitle "CBM 144 Extra"]
[Source "ChessBase"]
[SourceDate "2011.10.28"]
[SourceVersion "1"]
[SourceVersionDate "2011.10.28"]
[SourceQuality "1"]

1. d4 e5 2. dxe5 Nc6 3. Nf3 d6 4. Bf4 f6 5. exd6 Bxd6 6. Bxd6 cxd6 7. e3 Bg4 8. Be2 Qb6 9. Qc1 0-0-0 10. 0-0 g5 11. Na3 h5 12. c3 Nge7 13. Qc2 f5 14. Nb5 a6 15. Nbd4 Kb8 16. Ne6 1-0

[Event "Polanica Zdroj op-B 47th"]
[Site "Polanica Zdroj"]
[Date "2011.??.??"]
[Round "5"]
[White "Wilczewski, Piotr"]
[Black "Salamon, Jan"]
[Result "1/2-1/2"]
[WhiteElo "1908"]
[BlackElo "1823"]
[PlyCount "67"]
[EventDate "2011.08.18"]
[EventType "swiss"]
[EventRounds "9"]
[EventCountry "POL"]
[SourceTitle "CBM 144 Extra"]
[Source "ChessBase"]
[SourceDate "2011.10.28"]
[SourceVersion "1"]
[SourceVersionDate "2011.10.28"]
[SourceQuality "1"]

1. b4 e6 2. Bb2 d5 3. d3 Nf6 4. b5 a6 5. a4 axb5 6. axb5 Rxa1 7. Bxa1 c6 8. bxc6 bxc6 9. Nf3 Nbd7 10. Nbd2 Be7 11. e3 0-0 12. Be2 Qc7 13. 0-0 c5 14. c4 Bb7 15. Qc2 Rc8 16. Rb1 Bd6 17. h3 Bc6 18. Bc3 e5 19. cxd5 Bxd5 20. e4 Ba8 21. Nc4 Re8 22. Qb2 h6 23. Bd1 Nh7 24. Ba4 Rb8 25. Qc2 Rxb1+ 26. Qxb1 Nhf8 27. Qb5 f6 28. Nh4 Qb8 29. Nf5 Qxb5 30. Bxb5 Bc7 31. Nce3 Kh7 32. Ne7 g6 33. N3d5 Bd6 34. Bc6 1/2-1/2

[Event "Ramsowo Grunwald Cup 25th"]
[Site "Ramsowo"]
[Date "2010.09.26"]
[Round "5"]
[White "Hagner, Pawel"]
[Black "Salamon, Jan"]
[Result "0-1"]
[WhiteElo "1877"]
[BlackElo "1827"]
[PlyCount "75"]
[EventDate "2010.09.24"]
[EventType "swiss"]
[EventRounds "9"]
[EventCountry "POL"]
[SourceTitle "EXT 2011"]
[Source "ChessBase"]
[SourceDate "2010.11.26"]
[SourceVersion "1"]
[SourceVersionDate "2010.11.26"]
[SourceQuality "1"]

1. d4 d5 2. Nf3 c6 3. c3 Nf6 4. Bg5 Nbd7 5. e3 e6 6. Nbd2 Be7 7. Bd3 h6 8. Bh4 0-0 9. Ne5 Re8 10. Bg3 Nxe5 11. dxe5 Nd7 12. Nf3 Nf8 13. h4 a6 14. Ng5 f5 15. Nf3 Bd7 16. a4 c5 17. Qe2 Qa5 18. 0-0 Bc6 19. c4 Qc7 20. Qc2 Rac8 21. Rfd1 Red8 22. Rd2 Rd7 23. Rad1 Rcd8 24. Bxf5 dxc4 25. Be4 Rxd2 26. Rxd2 Rxd2 27. Nxd2 b5 28. axb5 axb5 29. Bg6 Qd7 30. h5 Qb7 31. Be4 Bd5 32. Bf3 Bxf3 33. Nxf3 Qd5 34. Qc3 b4 35. Qc1 Qd3 36. Ne1 Qe2 37. Nf3 Bd8 38. Nd2 0-1

[Event "Ramsowo Grunwald Cup 25th"]
[Site "Ramsowo"]
[Date "2010.09.25"]
[Round "3"]
[White "Ciula, Edward"]
[Black "Salamon, Jan"]
[Result "1-0"]
[WhiteElo "1985"]
[BlackElo "1827"]
[PlyCount "53"]
[EventDate "2010.09.24"]
[EventType "swiss"]
[EventRounds "9"]
[EventCountry "POL"]
[SourceTitle "EXT 2011"]
[Source "ChessBase"]
[SourceDate "2010.11.26"]
[SourceVersion "1"]
[SourceVersionDate "2010.11.26"]
[SourceQuality "1"]

1. e4 c5 2. Nf3 d6 3. d4 Nf6 4. Nc3 cxd4 5. Nxd4 a6 6. f3 g6 7. Be3 Qb6 8. Qc1 h5 9. Ne6 Qa5 10. Nxf8 Kxf8 11. Bc4 h4 12. Qd2 Nbd7 13. 0-0-0 Ne5 14. Bb3 h3 15. Qf2 hxg2 16. Rhg1 Qc7 17. Rxg2 Nc4 18. Bg5 Bh3 19. Bxf6 exf6 20. Nd5 Qc6 21. Rgg1 b5 22. Qd4 Ne5 23. f4 Nf3 24. Qxf6 Rh6 25. Ne7 Qe8 26. Nxg6+ Rxg6 27. Rxg6 1-0

[Event "Polanica Zdroj op-E 46th"]
[Site "Polanica Zdroj"]
[Date "2010.08.27"]
[Round "9"]
[White "Salamon, Jan"]
[Black "Solek, Zenon"]
[Result "1/2-1/2"]
[WhiteElo "1827"]
[BlackElo "1878"]
[PlyCount "78"]
[EventDate "2010.08.19"]
[EventType "swiss"]
[EventRounds "10"]
[EventCountry "POL"]
[SourceTitle "CBM 138 Extra"]
[Source "ChessBase"]
[SourceDate "2010.10.29"]
[SourceVersion "1"]
[SourceVersionDate "2010.10.29"]
[SourceQuality "1"]

1. d4 Nf6 2. c4 g6 3. Nc3 d5 4. Nf3 Bg7 5. Bf4 0-0 6. e3 Na6 7. Qb3 c5 8. cxd5 cxd4 9. exd4 Nc7 10. Bxc7 Qxc7 11. Bd3 e6 12. 0-0 exd5 13. Nxd5 Qd6 14. Ne3 Bg4 15. Nxg4 Nxg4 16. h3 Nf6 17. Bc4 Rad8 18. Bxf7+ Rxf7 19. Ng5 Qd5 20. Qxd5 Nxd5 21. Nxf7 Kxf7 22. Rfd1 Nf4 23. Rd2 Rxd4 24. Rxd4 Bxd4 25. Rd1 Kf6 26. b3 b5 27. Kf1 Ne6 28. g3 h5 29. h4 Kf5 30. f3 a6 31. Kg2 Ke5 32. Re1+ Kd5 33. Re4 Be5 34. Re1 b4 35. Rd1+ Bd4 36. Kf1 a5 37. Ke2 Nc5 38. Re1 a4 39. bxa4 Nxa4 1/2-1/2

[Event "Polanica Zdroj op-E 46th"]
[Site "Polanica Zdroj"]
[Date "2010.08.21"]
[Round "3"]
[White "Salamon, Jan"]
[Black "Stec, Ewa"]
[Result "1-0"]
[WhiteElo "1827"]
[BlackElo "2071"]
[PlyCount "71"]
[EventDate "2010.08.19"]
[EventType "swiss"]
[EventRounds "10"]
[EventCountry "POL"]
[SourceTitle "CBM 138 Extra"]
[Source "ChessBase"]
[SourceDate "2010.10.29"]
[SourceVersion "1"]
[SourceVersionDate "2010.10.29"]
[SourceQuality "1"]

1. e4 c5 2. Nf3 Nc6 3. d4 cxd4 4. Nxd4 Nf6 5. Nc3 a6 6. Be3 e6 7. Be2 Bb4 8. 0-0 Bxc3 9. bxc3 Nxe4 10. c4 Nc3 11. Qd3 Nxe2+ 12. Qxe2 Qh4 13. Nxc6 dxc6 14. Bc5 Qg5 15. Bd6 b5 16. f4 Qf6 17. c5 Qd4+ 18. Kh1 f6 19. f5 h5 20. fxe6 Qd5 21. Rae1 Ra7 22. a3 h4 23. Qg4 Qh5 24. Qe4 Bb7 25. Rf5 Qg6 26. Qf3 Ra8 27. Re4 Qh6 28. h3 Rd8 29. Rg4 Rc8 30. Rfg5 Rg8 31. Rg6 Qc1+ 32. Kh2 Qxc2 33. Rxg7 Rxg7 34. Rxg7 Qh7 35. Rxh7 Ra8 36. Qh5+ 1-0

[Event "Polanica Zdroj op-E 46th"]
[Site "Polanica Zdroj"]
[Date "2010.08.20"]
[Round "2"]
[White "Zarow, Elzbieta"]
[Black "Salamon, Jan"]
[Result "0-1"]
[WhiteElo "1510"]
[BlackElo "1827"]
[PlyCount "66"]
[EventDate "2010.08.19"]
[EventType "swiss"]
[EventRounds "10"]
[EventCountry "POL"]
[SourceTitle "CBM 138 Extra"]
[Source "ChessBase"]
[SourceDate "2010.10.29"]
[SourceVersion "1"]
[SourceVersionDate "2010.10.29"]
[SourceQuality "1"]

1. d4 d5 2. c4 e6 3. Nc3 Nf6 4. Nf3 g6 5. Bg5 Nbd7 6. Ne5 Be7 7. e3 0-0 8. Be2 dxc4 9. 0-0 Nxe5 10. dxe5 Nd5 11. Bxe7 Qxe7 12. Qe1 Nxc3 13. Qxc3 b5 14. f4 Bb7 15. Rad1 c5 16. Bf3 Rad8 17. Bxb7 Qxb7 18. Rd6 Rxd6 19. exd6 Qd5 20. Qe5 Rd8 21. Qxd5 exd5 22. g4 Rxd6 23. h4 f6 24. f5 Kf7 25. Kf2 Ke7 26. Kf3 d4 27. exd4 cxd4 28. Re1+ Kd7 29. g5 Rd5 30. Kf4 d3 31. gxf6 gxf5 32. Rg1 d2 33. Rd1 b4 0-1

[Event "POL-ch sf blind"]
[Site "Zawoja Osrodek"]
[Date "2010.04.13"]
[Round "6.8"]
[White "Jelen, Janusz"]
[Black "Salamon, Jan"]
[Result "1-0"]
[WhiteElo "1965"]
[BlackElo "1816"]
[PlyCount "97"]
[EventDate "2010.04.08"]
[EventType "swiss"]
[EventRounds "9"]
[EventCountry "POL"]
[SourceTitle "EXT 2023"]
[Source "ChessBase"]
[SourceDate "2022.10.05"]
[SourceVersion "1"]
[SourceVersionDate "2022.10.05"]
[SourceQuality "1"]

1. d4 d5 2. c4 c6 3. e3 Nf6 4. Nc3 e6 5. Nf3 Nbd7 6. Qc2 Be7 7. g4 0-0 8. g5 Ne8 9. h4 a6 10. Bd2 b5 11. c5 e5 12. dxe5 Nxc5 13. Nd4 Bd7 14. b4 Ne6 15. Bd3 g6 16. Nce2 N8g7 17. f4 Nxd4 18. Nxd4 Qb6 19. f5 gxf5 20. h5 c5 21. Nxf5 Bxf5 22. Bxf5 Nxf5 23. Qxf5 Qe6 24. Qxe6 fxe6 25. bxc5 Bxc5 26. Ke2 Rf5 27. Rac1 Ba3 28. Rcg1 Rc8 29. h6 Rxe5 30. g6 Rf5 31. gxh7+ Kxh7 32. Rg7+ Kh8 33. Ra7 e5 34. Rxa6 Bf8 35. Rg1 d4 36. exd4 exd4 37. Bg5 Bc5 38. Rg3 Rf7 39. h7 Be7 40. Bxe7 Rxe7+ 41. Kd2 Rxh7 42. Rb3 Rh5 43. Ra5 Rh2+ 44. Kd3 Rh3+ 45. Kxd4 Rc4+ 46. Kd5 Rxb3 47. axb3 Rb4 48. Ra3 Kg7 49. Kc5 1-0

[Event "POL-ch sf blind"]
[Site "Zawoja Osrodek"]
[Date "2010.04.12"]
[Round "4.11"]
[White "Hornik, Bronislaw"]
[Black "Salamon, Jan"]
[Result "1/2-1/2"]
[WhiteElo "1923"]
[BlackElo "1816"]
[PlyCount "127"]
[EventDate "2010.04.08"]
[EventType "swiss"]
[EventRounds "9"]
[EventCountry "POL"]
[SourceTitle "EXT 2023"]
[Source "ChessBase"]
[SourceDate "2022.10.05"]
[SourceVersion "1"]
[SourceVersionDate "2022.10.05"]
[SourceQuality "1"]

1. d4 Nf6 2. c4 e6 3. a3 d5 4. Nc3 Be7 5. Bf4 c6 6. e3 Nbd7 7. c5 0-0 8. Bd3 Re8 9. g4 Nf8 10. h4 N6d7 11. Nf3 e5 12. Nxe5 Nxe5 13. Bxe5 Bxc5 14. Qf3 Bd6 15. Bxd6 Qxd6 16. 0-0-0 b5 17. e4 b4 18. axb4 Qxb4 19. exd5 Rb8 20. Rd2 cxd5 21. Rg1 Be6 22. h5 Rec8 23. Kd1 Qd6 24. Ke1 Qe7 25. Re2 Qg5 26. Qe3 Qh4 27. Qg3 Qxg3 28. Rxg3 Rb4 29. Rd2 g6 30. Be2 Rcb8 31. Nd1 Kg7 32. f4 Bd7 33. f5 Ba4 34. Bf3 Bxd1 35. Kxd1 Rxb2 36. Bxd5 Rxd2+ 37. Kxd2 Rd8 38. Bb3 Rxd4+ 39. Kc3 Rf4 40. hxg6 hxg6 41. fxg6 Nxg6 42. Bc2 Ne5 43. Bf5 Rf3+ 44. Rxf3 Nxf3 45. Kb4 Kf6 46. Ka5 Kg5 47. Ka6 Ne5 48. Kxa7 Nxg4 49. Bc8 Ne3 50. Kb6 Nf5 51. Kc5 Ng7 52. Kd4 Kf6 53. Ke4 Ne6 54. Kf3 Ke5 55. Bb7 f5 56. Ba6 Ng5+ 57. Ke3 f4+ 58. Ke2 Kd4 59. Bb7 Ke5 60. Ba8 Ne4 61. Kf3 Nd2+ 62. Ke2 Nb3 63. Bh1 Nd4+ 64. Kd3 1/2-1/2

[Event "POL-ch sf blind"]
[Site "Zawoja Osrodek"]
[Date "2010.04.09"]
[Round "1.11"]
[White "Ciula, Edward"]
[Black "Salamon, Jan"]
[Result "1-0"]
[WhiteElo "2002"]
[BlackElo "1816"]
[PlyCount "103"]
[EventDate "2010.04.08"]
[EventType "swiss"]
[EventRounds "9"]
[EventCountry "POL"]
[SourceTitle "EXT 2023"]
[Source "ChessBase"]
[SourceDate "2022.10.05"]
[SourceVersion "1"]
[SourceVersionDate "2022.10.05"]
[SourceQuality "1"]

1. e4 c5 2. Nf3 d6 3. d4 cxd4 4. Nxd4 Nf6 5. Nc3 a6 6. Be2 e6 7. Be3 Be7 8. f3 Qc7 9. g4 Nc6 10. Qd2 b5 11. 0-0-0 Nxd4 12. Bxd4 e5 13. Be3 Be6 14. Kb1 0-0 15. g5 Nd7 16. Nd5 Bxd5 17. exd5 Rfc8 18. Bd3 Nc5 19. Bf5 Rcb8 20. h4 a5 21. h5 b4 22. g6 Bf6 23. gxh7+ Kh8 24. Bg5 Qe7 25. Rhg1 a4 26. Bxf6 Qxf6 27. Qg5 Qxg5 28. Rxg5 f6 29. Rg2 b3 30. cxb3 axb3 31. a3 Ra7 32. Rdg1 Re7 33. h6 g5 34. Re1 Rbb7 35. Rg4 Nd7 36. f4 Nf8 37. fxg5 fxg5 38. Rxg5 Nxh7 39. Rg6 Rf7 40. Reg1 Nf6 41. Be6 Rf8 42. Rf1 Nd7 43. Rxf8+ Nxf8 44. Rg8+ Kh7 45. Rxf8 Kxh6 46. Bg4 Rg7 47. Bd1 Rg3 48. Rf6+ Kg5 49. Rxd6 Kf4 50. Rb6 Rg1 51. Kc1 e4 52. Re6 1-0

[Event "Chojnice op-B"]
[Site "Chojnice"]
[Date "2009.07.13"]
[Round "3"]
[White "Grajczak, Adrian"]
[Black "Salamon, Jan"]
[Result "1-0"]
[WhiteElo "1985"]
[BlackElo "1864"]
[PlyCount "79"]
[EventDate "2009.07.11"]
[EventType "swiss"]
[EventRounds "9"]
[EventCountry "POL"]
[SourceTitle "EXT 2011"]
[Source "ChessBase"]
[SourceDate "2010.11.26"]
[SourceVersion "1"]
[SourceVersionDate "2010.11.26"]
[SourceQuality "1"]

1. c4 e6 2. g3 c5 3. Bg2 Nc6 4. Nc3 Nf6 5. d3 Be7 6. e3 0-0 7. Nge2 b6 8. 0-0 Bb7 9. b3 Na5 10. Ne4 d5 11. Ng5 Nd7 12. Nf3 Bf6 13. Rb1 Nc6 14. cxd5 exd5 15. Nf4 Ne7 16. Nh5 Bc3 17. Qc2 d4 18. e4 Ng6 19. h4 Qc7 20. Nf4 Rfe8 21. h5 Nge5 22. Nh2 Rad8 23. Ne2 Nf6 24. h6 Ba6 25. Bf4 Bxd3 26. Qxd3 Nxd3 27. Bxc7 Rc8 28. Bf4 Nxf4 29. Nxf4 Nxe4 30. Bxe4 Rxe4 31. hxg7 Kxg7 32. Nf3 h6 33. Nh4 Rd8 34. Rbc1 Bd2 35. Nh5+ Kf8 36. Rc2 Bg5 37. f4 Bxh4 38. gxh4 Ke7 39. Ng3 Rg8 40. Rg2 1-0

[Event "Chojnice op-B"]
[Site "Chojnice"]
[Date "2009.07.13"]
[Round "4"]
[White "Salamon, Jan"]
[Black "Bartoszek, Marcin"]
[Result "0-1"]
[WhiteElo "1864"]
[BlackElo "1766"]
[PlyCount "82"]
[EventDate "2009.07.11"]
[EventType "swiss"]
[EventRounds "9"]
[EventCountry "POL"]
[SourceTitle "EXT 2011"]
[Source "ChessBase"]
[SourceDate "2010.11.26"]
[SourceVersion "1"]
[SourceVersionDate "2010.11.26"]
[SourceQuality "1"]

1. Nf3 Nf6 2. c4 g6 3. b3 Bg7 4. Bb2 0-0 5. g3 d6 6. Bg2 e5 7. d3 Nc6 8. 0-0 h6 9. Nbd2 Be6 10. c5 Ne8 11. cxd6 Nxd6 12. Nc4 Nxc4 13. bxc4 Qd7 14. Nd2 Bh3 15. Rb1 Bxg2 16. Kxg2 Nd4 17. Bxd4 exd4 18. Qb3 b6 19. Qb5 c6 20. Qa6 Rfe8 21. Rfe1 Re5 22. Qa3 Rae8 23. Ne4 f5 24. Nd6 R8e6 25. c5 Rxc5 26. Nc4 Qd5+ 27. Kg1 b5 28. Na5 b4 29. Qxb4 Rxa5 30. Qb8+ Kh7 31. Qc8 Rb5 32. Rbc1 Rb2 33. Rc5 Qxa2 34. Rxc6 Rxc6 35. Qxc6 Rxe2 36. Rxe2 Qxe2 37. Qa6 Qd1+ 38. Kg2 Qc2 39. h4 h5 40. Kg1 Qb1+ 41. Kg2 Qb6 0-1

[Event "Katy Rybackie op"]
[Site "Katy Rybackie"]
[Date "2009.06.15"]
[Round "2"]
[White "Salamon, Jan"]
[Black "Zatylny, Jan"]
[Result "1-0"]
[WhiteElo "1901"]
[BlackElo "1710"]
[PlyCount "23"]
[EventDate "2009.06.14"]
[EventType "swiss"]
[EventRounds "9"]
[EventCountry "POL"]
[SourceTitle "CBM 131 Extra"]
[Source "ChessBase"]
[SourceDate "2009.09.03"]
[SourceVersion "2"]
[SourceVersionDate "2009.09.16"]
[SourceQuality "1"]

1. Nf3 Nc6 2. e4 d6 3. d4 e6 4. Be3 Nf6 5. Bg5 Be7 6. c4 h6 7. Bh4 Nd7 8. Bxe7 Nxe7 9. Bd3 0-0 10. 0-0 c6 11. b4 d5 12. Qb3 1-0

[Event "Grunwald Cup 23rd blind"]
[Site "Dadaj"]
[Date "2008.09.27"]
[Round "7"]
[White "Salamon, Jan"]
[Black "Rutkowski, Eugeniusz"]
[Result "1/2-1/2"]
[WhiteElo "1889"]
[BlackElo "1964"]
[PlyCount "40"]
[EventDate "2008.09.21"]
[EventType "swiss"]
[EventRounds "9"]
[EventCountry "POL"]
[SourceTitle "CBM 126 Extra"]
[Source "ChessBase"]
[SourceDate "2008.11.05"]
[SourceVersion "1"]
[SourceVersionDate "2008.11.05"]
[SourceQuality "1"]

1. c4 e5 2. Nc3 g6 3. d4 exd4 4. Qxd4 Qf6 5. Nf3 Qxd4 6. Nxd4 c6 7. Bg5 h6 8. Bh4 Bg7 9. 0-0-0 Nf6 10. Bxf6 Bxf6 11. Ne4 Be7 12. Nc2 0-0 13. Nd6 Bxd6 14. Rxd6 c5 15. e3 Nc6 16. Be2 Rb8 17. Rhd1 Ne7 18. Ne1 Kg7 19. b3 b6 20. g4 a6 1/2-1/2